| 000 -Etiqueta do registo | |
|---|---|
| campo de controlo de comprimento fixo | 00823 2200265 4500 |
| 001 - Identificador do registo | |
| Campo de controlo | 75173 |
| 005 - Identificador da versão | |
| Campo de controlo | 20251210113903.0 |
| 010 ## - ISBN | |
| Número (ISBN) | 978-989-741-094-9 |
| 100 ## - Dados Gerais de Proc. | |
| Dados gerais de processamento | 20251209d2013 a||y0pory50 ba |
| 101 0# - Língua da publicação | |
| Língua do texto, banda sonora, etc. | Português |
| 102 ## - País de Publicação | |
| País de publicação | Portugal |
| 200 1# - Título | |
| Título próprio | Um atalho no tempo |
| Primeira menção de responsabilidade | Madeleine L'Engle |
| Outras menções de responsabilidade | trad. Susana Serrão; rev. Fernando Milheiro; il. Patrícia Furtado |
| 210 ## - Publicação, Distribuição | |
| Lugar da edição, distribuição, etc. | Alfragide |
| Nome do editor, distribuidor, etc. | Oficina do Livro |
| Data da publicação, distribuição, etc. | 2013 |
| 215 ## - Descrição física | |
| Descrição física | 236, [1] p. |
| Outras indicações físicas | il. |
| 304 ## - Título e responsabilidade | |
| Texto da nota | Tít. orig.: A wrinkle in time |
| 606 ## - Nome comum | |
| Koha Internal code | 2126 |
| Elemento de entrada | Literatura juvenil |
| 675 ## - CDU | |
| Notação | 85 |
| Língua da edição | Português |
| 675 ## - CDU | |
| Notação | 087.5 |
| Edição | BN |
| 675 ## - CDU | |
| Notação | 821.111(73)-93"19/20" |
| Edição | BN |
| 675 ## - CDU | |
| Notação | 821.111(73)-31"19/20" |
| Edição | BN |
| 702 ## - Responsabilidade secundária | |
| Palavra de ordem | Serrão |
| Outra parte do nome | Susana |
| Código de função | Tradutor |
| Koha Internal Code | 42294 |
| 702 ## - Responsabilidade secundária | |
| Palavra de ordem | Milheiro |
| Outra parte do nome | Fernando Luís |
| Código de função | Revisor |
| Koha Internal Code | 31856 |
| 702 ## - Responsabilidade secundária | |
| Palavra de ordem | Furtado |
| Outra parte do nome | Patrícia |
| Datas | 1977- |
| Código de função | Ilustrador |
| Koha Internal Code | 21037 |
| 090 ## - Números de controlo do sistema (Koha) | |
| Número biblioitem do Koha (gerado automaticamente) | 75173 |
| 942 ## - Elementos de entrada adicionados (Koha) | |
| Tipo de item no Koha | Monografias |
| Suprimido | Disponível no OPAC |
| Removido (estado) | Perdido (estado) | Data de aquisição | Origem do registo (biblioteca) (codificado) | Código da organização que empresta ou é detentora (biblioteca) | Código de barras | Número de inventário | Cota | Tipo de circulação (não pode ser emprestado) | Tipo de item e material | Data da publicação, distribuição, etc. |
|---|---|---|---|---|---|---|---|---|---|---|
| Disponível | Disponível | 2025-12-09 | Biblioteca da Escola Secundária Dr. Jorge Augusto Correia | Biblioteca da Escola Secundária Dr. Jorge Augusto Correia | BESJAC12491 | 12491 | 85J L'EN | Normal | Monografias | 2013 |